[Event "26th Klatovy B 2018"]
[Site "Klatovy CZE"]
[Date "2018.07.06"]
[Round "7.28"]
[White "Kohout, Josef 1953"]
[Black "Kotesovec, Jaroslav"]
[Result "1/2-1/2"]
[WhiteElo "1888"]
[BlackElo "1514"]
[PlyCount "31"]
[EventDate "2018.06.30"]
[EventType "swiss"]
[EventRounds "9"]
[EventCountry "CZE"]

1. e4 c5 2. Nf3 Nc6 3. c4 d6 4. d4 Bg4 5. dxc5 dxc5 6. Be2 Qxd1+ 7. Bxd1 O-O-O 8. Bf4 Bxf3 9. Bxf3 e5 10. Bg3 Nd4 11. Bd1 f6 12. Nc3 Ne7 13. O-O g5 14. h4 h6 15. h5 Bg7 16. Rc1 1/2-1/2

[Event "26th Klatovy B 2018"]
[Site "Klatovy CZE"]
[Date "2018.07.06"]
[Round "7.29"]
[White "Levinsky, Ladislav"]
[Black "Perik, Alois"]
[Result "0-1"]
[WhiteElo "1515"]
[BlackElo "1832"]
[PlyCount "30"]
[EventDate "2018.06.30"]
[EventType "swiss"]
[EventRounds "9"]
[EventCountry "CZE"]

1. Nf3 b6 2. d4 d5 3. Bf4 Bb7 4. e3 Nf6 5. Bd3 e6 6. Nbd2 Bd6 7. Bg3 Nbd7 8. c3 Ne4 9. Ne5 Nxg3 10. hxg3 Bxe5 11. dxe5 Nxe5 12. Bxh7 Qf6 13. Qc2 O-O-O 14. O-O-O Qxf2 15. Qa4 Kb8 0-1

[Event "26th Klatovy B 2018"]
[Site "Klatovy CZE"]
[Date "2018.07.06"]
[Round "7.30"]
[White "Stross, Frantisek 1952"]
[Black "Vavrinek, Tomas"]
[Result "0-1"]
[WhiteElo "1506"]
[BlackElo "1785"]
[PlyCount "70"]
[EventDate "2018.06.30"]
[EventType "swiss"]
[EventRounds "9"]
[EventCountry "CZE"]

1. e4 c5 2. Nf3 Nc6 3. Nc3 d6 4. Bc4 e6 5. d3 Nf6 6. O-O Be7 7. h3 O-O 8. Bd2 Na5 9. Bb3 Nxb3 10. axb3 a5 11. Qe1 Bd7 12. Ne2 b6 13. c4 Bc6 14. Ng3 Nd7 15. Bc3 d5 16. d4 Nf6 17. e5 Ne4 18. Nxe4 dxe4 19. Nh2 cxd4 20. Rd1 Bc5 21. b4 axb4 22. Bxb4 Qc7 23. f4 Ra4 24. Bxc5 bxc5 25. b3 Ra2 26. Rf2 Rfa8 27. Ng4 e3 28. Rxa2 Rxa2 29. Nxe3 dxe3 30. Qxe3 Rxg2+ 31. Kf1 h6 32. Qxc5 Rd2 33. Rxd2 Bg2+ 34. Rxg2 Qxc5 35. Rd2 Qe3 0-1

[Event "26th Klatovy B 2018"]
[Site "Klatovy CZE"]
[Date "2018.07.06"]
[Round "7.31"]
[White "Krupansky, Jaromir"]
[Black "Soucek, Petr"]
[Result "1-0"]
[WhiteElo "1765"]
[BlackElo "1485"]
[PlyCount "107"]
[EventDate "2018.06.30"]
[EventType "swiss"]
[EventRounds "9"]
[EventCountry "CZE"]

1. e4 c5 2. Nc3 Nc6 3. f4 e6 4. Nf3 Nge7 5. Be2 Nd4 6. O-O d5 7. d3 Nec6 8. Qd2 Be7 9. Bd1 O-O 10. Qf2 Nxf3+ 11. Qxf3 Nd4 12. Qf2 Bh4 13. g3 Be7 14. Ne2 Nc6 15. c3 e5 16. f5 b6 17. Bc2 Bb7 18. Kh1 Bf6 19. Ng1 Ne7 20. Nf3 h6 21. h4 c4 22. d4 exd4 23. e5 Bxe5 24. Nxe5 d3 25. Bd1 d4+ 26. Bf3 Bxf3+ 27. Qxf3 dxc3 28. bxc3 Nd5 29. Nxc4 Nxc3 30. f6 Qxf6 31. Qxf6 gxf6 32. Rxf6 Ne4 33. Rf3 Rac8 34. Nd2 Nc5 35. Ba3 Rfd8 36. Raf1 Ne6 37. Rxf7 Rc2 38. R7f2 Nd4 39. Be7 Re8 40. Bd6 Ne2 41. Nf3 Rxa2 42. Kg2 Ra5 43. Bb4 Ra4 44. Bd2 Rg4 45. Bxh6 Rxg3+ 46. Kh2 Rg6 47. Bd2 a5 48. h5 Rd6 49. Rg2+ Kh8 50. Ng5 Rd5 51. Rf7 Rd4 52. h6 Rh4+ 53. Nh3 Rhe4 54. Rgg7 1-0

[Event "26th Klatovy B 2018"]
[Site "Klatovy CZE"]
[Date "2018.07.06"]
[Round "7.32"]
[White "Nagy, Ladislav"]
[Black "Dolejs, Jakub"]
[Result "0-1"]
[WhiteElo "1740"]
[BlackElo "1447"]
[PlyCount "84"]
[EventDate "2018.06.30"]
[EventType "swiss"]
[EventRounds "9"]
[EventCountry "CZE"]

1. Nf3 d5 2. g3 Nf6 3. Bg2 Nbd7 4. d4 e6 5. O-O c5 6. c3 Be7 7. Nbd2 O-O 8. c4 Nb6 9. cxd5 Nbxd5 10. e3 b6 11. Qe2 Nb4 12. Nc4 Ba6 13. Rd1 Qc7 14. b3 Rac8 15. Nfe5 Bd6 16. Qb2 Rfd8 17. Nxd6 Qxd6 18. a3 Qxe5 19. axb4 Bb5 20. bxc5 Qxc5 21. Rxa7 Qc2 22. Qxc2 Rxc2 23. Bd2 Be2 24. Rda1 Rxd2 25. Ra8 Rf8 26. Rxf8+ Kxf8 27. Ra8+ Ke7 28. h3 Bb5 29. Ra7+ Nd7 30. Be4 g6 31. g4 Rb2 32. Ra3 Kd6 33. h4 Bc6 34. Bd3 b5 35. h5 b4 36. Ra6 Rxb3 37. hxg6 hxg6 38. Bb5 Rc3 39. e4 b3 40. Bxc6 Rxc6 41. Ra1 b2 42. Rb1 Rc1+ 0-1

[Event "26th Klatovy B 2018"]
[Site "Klatovy CZE"]
[Date "2018.07.06"]
[Round "7.33"]
[White "Zeman, Lukas"]
[Black "Kuta, Miroslav"]
[Result "1/2-1/2"]
[WhiteElo "1460"]
[BlackElo "1725"]
[PlyCount "35"]
[EventDate "2018.06.30"]
[EventType "swiss"]
[EventRounds "9"]
[EventCountry "CZE"]

1. e4 c6 2. d4 d5 3. exd5 cxd5 4. Nf3 Bg4 5. Be2 Nc6 6. O-O Nf6 7. Bf4 e6 8. c3 Be7 9. Ne5 Bxe2 10. Qxe2 Qb6 11. Na3 a6 12. Rfd1 Rc8 13. Rab1 O-O 14. Nxc6 Qxc6 15. Nc2 Qa4 16. a3 Rc6 17. Ne3 Bd6 18. Bxd6 1/2-1/2

[Event "26th Klatovy B 2018"]
[Site "Klatovy CZE"]
[Date "2018.07.06"]
[Round "7.34"]
[White "Bauer, Jan 2005"]
[Black "Boucek, Vlastimil 1968"]
[Result "1/2-1/2"]
[WhiteElo "1415"]
[BlackElo "1715"]
[PlyCount "37"]
[EventDate "2018.06.30"]
[EventType "swiss"]
[EventRounds "9"]
[EventCountry "CZE"]

1. d4 f5 2. Nc3 Nf6 3. Bg5 e6 4. e4 fxe4 5. Nxe4 Be7 6. Bxf6 Bxf6 7. Nf3 O-O 8. Bd3 Nc6 9. c3 d5 10. Ng3 e5 11. dxe5 Nxe5 12. Nxe5 Bxe5 13. Qc2 g6 14. O-O-O Bg7 15. h4 Qf6 16. Rdf1 Bf5 17. Nxf5 gxf5 18. Re1 Rad8 19. Qb3 1/2-1/2

[Event "26th Klatovy B 2018"]
[Site "Klatovy CZE"]
[Date "2018.07.06"]
[Round "7.35"]
[White "Celovsky, Jan"]
[Black "Cipera, Josef"]
[Result "1-0"]
[WhiteElo "1397"]
[BlackElo "1688"]
[PlyCount "63"]
[EventDate "2018.06.30"]
[EventType "swiss"]
[EventRounds "9"]
[EventCountry "CZE"]

1. e4 c5 2. Nf3 d6 3. d4 cxd4 4. Nxd4 Nf6 5. Nc3 a6 6. Bc4 e5 7. Nde2 b5 8. Bd5 Nxd5 9. Nxd5 h6 10. g3 Bg4 11. h3 Bf3 12. Rf1 Bxe4 13. Nec3 Bg2 14. Rg1 Bxh3 15. g4 h5 16. gxh5 Be6 17. Qf3 Nd7 18. Nc7+ Qxc7 19. Qxa8+ Nb8 20. Be3 Kd7 21. O-O-O Bf5 22. Rg5 g6 23. hxg6 fxg6 24. Qd5 Be6 25. Qxe5 Rg8 26. Ne4 Bf5 27. Rxf5 Nc6 28. Rf7+ Be7 29. Qxd6+ Qxd6 30. Rxd6+ Kc7 31. Bf4 Kb6 32. Rxe7 1-0

[Event "26th Klatovy B 2018"]
[Site "Klatovy CZE"]
[Date "2018.07.06"]
[Round "7.36"]
[White "Koci, Milos"]
[Black "Vavrousek, Petr"]
[Result "1/2-1/2"]
[WhiteElo "1345"]
[BlackElo "1686"]
[PlyCount "175"]
[EventDate "2018.06.30"]
[EventType "swiss"]
[EventRounds "9"]
[EventCountry "CZE"]

1. d4 d5 2. Bf4 Nf6 3. Nf3 Ne4 4. Nbd2 Nxd2 5. Qxd2 e6 6. e3 Be7 7. Be2 Nd7 8. O-O O-O 9. a3 Nf6 10. Rfe1 Bd7 11. c3 Rc8 12. Qc2 c5 13. Ne5 c4 14. Nxd7 Qxd7 15. Bf3 b5 16. h3 a5 17. e4 dxe4 18. Bxe4 b4 19. axb4 axb4 20. Bf3 b3 21. Qe2 Nd5 22. Bxd5 Qxd5 23. Qe4 Qxe4 24. Rxe4 Ra8 25. Ree1 g5 26. Be3 Kg7 27. Bd2 Kg6 28. g4 Bd6 29. Kg2 Ra2 30. Reb1 Rfa8 31. Rxa2 Rxa2 32. f3 h5 33. Be3 hxg4 34. hxg4 e5 35. dxe5 Bxe5 36. Bd2 f5 37. Kf2 fxg4 38. fxg4 Bf4 39. Bxf4 gxf4 40. Kg2 Kg5 41. Kf3 Ra5 42. Rh1 Ra2 43. Rh2 Ra1 44. Rh5+ Kg6 45. Rh2 Rc1 46. Kxf4 Rc2 47. Kg3 Kf6 48. Kh3 Ke5 49. g5 Kf5 50. Rg2 Kg6 51. Kg3 Kxg5 52. Kf3+ Kf5 53. Re2 Rc1 54. Ke3 Rd1 55. Rf2+ Ke5 56. Rd2 Re1+ 57. Re2 Rh1 58. Kf3+ Kd5 59. Rd2+ Kc5 60. Rg2 Rh3+ 61. Kf4 Rh5 62. Kf3 Rd5 63. Re2 Rd1 64. Re5+ Kd6 65. Re2 Rc1 66. Rd2+ Kc5 67. Ke3 Rh1 68. Rf2 Rh3+ 69. Ke2 Rh5 70. Rf3 Kd5 71. Ke3 Ke5 72. Rf4 Rh3+ 73. Rf3 Rh4 74. Ke2 Rh2+ 75. Rf2 Rh1 76. Rf1 Rh8 77. Rf3 Rd8 78. Re3+ Kf4 79. Rf3+ Kg4 80. Re3 Rh8 81. Rf3 Rh2+ 82. Rf2 Rh3 83. Ke1 Rg3 84. Rd2 Rh3 85. Rf2 Kg3 86. Ke2 Rh8 87. Rf3+ Kg2 88. Rf2+ 1/2-1/2

[Event "26th Klatovy B 2018"]
[Site "Klatovy CZE"]
[Date "2018.07.06"]
[Round "7.37"]
[White "Kubat, Zbynek"]
[Black "Day, Tobias"]
[Result "1/2-1/2"]
[WhiteElo "1681"]
[BlackElo "1287"]
[PlyCount "125"]
[EventDate "2018.06.30"]
[EventType "swiss"]
[EventRounds "9"]
[EventCountry "CZE"]

1. e4 c5 2. d4 cxd4 3. c3 d3 4. Bxd3 Nc6 5. Be3 Nf6 6. Nd2 d6 7. h3 Qc7 8. Ngf3 e6 9. Qc2 a6 10. O-O Be7 11. Rfe1 b5 12. a4 bxa4 13. Rxa4 Bb7 14. Rea1 a5 15. b4 O-O 16. b5 Nd8 17. b6 Qd7 18. Rxa5 Nc6 19. Rxa8 Rxa8 20. Rxa8+ Bxa8 21. Qa4 Qb7 22. Qa6 d5 23. Nd4 Ne5 24. Qxb7 Bxb7 25. Bb5 Bc5 26. Nc2 Bxe3 27. Nxe3 Ned7 28. exd5 exd5 29. c4 Nxb6 30. c5 Nc8 31. c6 Ba8 32. Ba6 Bxc6 33. Bxc8 Kf8 34. Nf5 g6 35. Nd4 Be8 36. f3 Ke7 37. Kf2 Kd6 38. N2b3 Ba4 39. Ke3 Ng8 40. Ba6 Ne7 41. Bb5 Bxb3 42. Nxb3 Nf5+ 43. Kf2 Ke5 44. Bd3 Nh4 45. g3 Nf5 46. Bxf5 Kxf5 47. Ke3 Ke6 48. Kd4 f5 49. Nc1 g5 50. Ne2 h5 51. h4 f4 52. hxg5 fxg3 53. Nxg3 h4 54. Nf1 Kf5 55. g6 Kxg6 56. Kxd5 Kf5 57. Kd4 Kf4 58. Nh2 h3 59. Kd3 Kg3 60. Ke2 Kxh2 61. Kf2 Kh1 62. Kg3 h2 63. Kf2 1/2-1/2

[Event "26th Klatovy B 2018"]
[Site "Klatovy CZE"]
[Date "2018.07.06"]
[Round "7.38"]
[White "Studenovsky, Jaroslav"]
[Black "Svejdar, Pavel"]
[Result "1-0"]
[WhiteElo "1233"]
[BlackElo "1614"]
[PlyCount "83"]
[EventDate "2018.06.30"]
[EventType "swiss"]
[EventRounds "9"]
[EventCountry "CZE"]

1. c4 c5 2. Nc3 Nc6 3. g3 g6 4. Bg2 Bg7 5. Nf3 e6 6. O-O Nge7 7. d3 O-O 8. Bd2 d6 9. Rb1 d5 10. cxd5 exd5 11. Qc1 b6 12. Bh6 Bb7 13. a3 Re8 14. Bxg7 Kxg7 15. b4 cxb4 16. axb4 Nf5 17. b5 Ncd4 18. Nxd4 Nxd4 19. e3 Nf5 20. e4 dxe4 21. dxe4 Ne7 22. Rd1 Qc8 23. Nd5 Nxd5 24. Qxc8 Raxc8 25. exd5 Rcd8 26. Rb2 Rd6 27. Ra2 Ra8 28. Kf1 a5 29. bxa6 Rxa6 30. Rda1 Rxa2 31. Rxa2 Bxd5 32. Bxd5 Rxd5 33. Rb2 b5 34. Ke2 Kf6 35. Ke3 Ke6 36. f4 h6 37. Ke4 h5 38. h4 Kd6 39. Rb4 Kc5 40. Rxb5+ Kxb5 41. Kxd5 Kb4 42. Ke5 1-0

[Event "26th Klatovy B 2018"]
[Site "Klatovy CZE"]
[Date "2018.07.06"]
[Round "7.39"]
[White "Vasko, Pavel"]
[Black "Valdman, Jakub"]
[Result "1-0"]
[WhiteElo "1610"]
[BlackElo "1066"]
[PlyCount "99"]
[EventDate "2018.06.30"]
[EventType "swiss"]
[EventRounds "9"]
[EventCountry "CZE"]

1. e4 e5 2. Nf3 Nc6 3. Bc4 Nf6 4. Nc3 Bc5 5. O-O d6 6. h3 h6 7. d3 Qe7 8. a3 g5 9. Be3 Nd4 10. Bxd4 exd4 11. Ne2 g4 12. hxg4 Bxg4 13. Nh2 O-O-O 14. Nxg4 Nxg4 15. Nxd4 h5 16. Nf5 Qg5 17. d4 Bb6 18. c3 h4 19. Be2 Nf6 20. Bf3 Rde8 21. Qd3 h3 22. g3 Kb8 23. Kh2 Ng4+ 24. Bxg4 Qxg4 25. f3 Qg6 26. b4 Rh5 27. a4 a5 28. b5 Rhh8 29. Rab1 Qf6 30. f4 Rd8 31. Ne3 Rhg8 32. Nd5 Qe6 33. f5 Qh6 34. Rb2 Qg5 35. Qe3 Qg7 36. f6 Qh7 37. Rf4 Rge8 38. Rh4 Qg6 39. Ne7 Qxf6 40. Nd5 Qg6 41. Rf2 Rh8 42. Rhf4 Rhf8 43. Rf6 Qh7 44. R2f5 Rde8 45. Qf4 Ka7 46. Ne3 d5 47. e5 Qg7 48. Nxd5 Rg8 49. Rxf7 Qh8 50. Nf6 1-0

[Event "26th Klatovy B 2018"]
[Site "Klatovy CZE"]
[Date "2018.07.06"]
[Round "7.40"]
[White "Fiala, Jonas"]
[Black "Simunek, Jakub Simon"]
[Result "0-1"]
[WhiteElo "1000"]
[BlackElo "1578"]
[PlyCount "44"]
[EventDate "2018.06.30"]
[EventType "swiss"]
[EventRounds "9"]
[EventCountry "CZE"]

1. e4 c6 2. Nc3 d5 3. d4 dxe4 4. Nxe4 Nf6 5. Nxf6+ exf6 6. Nf3 Bd6 7. Bd3 O-O 8. O-O Qc7 9. h3 Rd8 10. Be3 Nd7 11. c4 Nf8 12. Nh4 Ng6 13. Nxg6 hxg6 14. Re1 Be6 15. a3 Qd7 16. Qa4 Bxh3 17. g3 Kh7 18. Kh2 Rh8 19. Rh1 Rae8 20. d5 Bxg3+ 21. fxg3 Rxe3 22. Bf1 Qg4 0-1

[Event "26th Klatovy B 2018"]
[Site "Klatovy CZE"]
[Date "2018.07.06"]
[Round "7.41"]
[White "Gorej, Vojtech"]
[Black "Asatryan, Manvel"]
[Result "0-1"]
[WhiteElo "1633"]
[BlackElo "1574"]
[PlyCount "56"]
[EventDate "2018.06.30"]
[EventType "swiss"]
[EventRounds "9"]
[EventCountry "CZE"]

1. e4 d6 2. d4 Nf6 3. Nc3 c6 4. Bf4 Qa5 5. Qd3 e5 6. dxe5 dxe5 7. Bg5 Be7 8. Bxf6 Bxf6 9. Nf3 Be6 10. Be2 Nd7 11. O-O O-O 12. Rfd1 Qb6 13. Rab1 Rad8 14. Qe3 Qxe3 15. fxe3 Be7 16. a3 f6 17. b4 Nb6 18. b5 Rc8 19. bxc6 Rxc6 20. Nb5 Ra8 21. Rd2 Na4 22. Kf2 a6 23. Nc3 Nxc3 24. Rxb7 Nxe4+ 25. Ke1 Nxd2 26. Rxe7 Nxf3+ 27. Bxf3 Rac8 28. Bxc6 Rxc6 0-1

[Event "26th Klatovy B 2018"]
[Site "Klatovy CZE"]
[Date "2018.07.06"]
[Round "7.42"]
[White "Dolezal, Martin 1998"]
[Black "Matejka, Jaromir"]
[Result "1-0"]
[WhiteElo "1247"]
[BlackElo "1570"]
[PlyCount "63"]
[EventDate "2018.06.30"]
[EventType "swiss"]
[EventRounds "9"]
[EventCountry "CZE"]

1. e4 e6 2. d4 d5 3. exd5 exd5 4. Nc3 Be6 5. g3 c6 6. Nge2 Nf6 7. Nf4 Bf5 8. Be2 Bb4 9. Bd2 O-O 10. g4 Bg6 11. f3 h6 12. g5 Nh7 13. gxh6 Qh4+ 14. Kf1 gxh6 15. Qe1 Qf6 16. Rg1 Kh8 17. Nxg6+ fxg6 18. Bxh6 Re8 19. Qg3 Nd7 20. Qxg6 Qxg6 21. Rxg6 Rg8 22. Bd3 Bf8 23. Rxg8+ Kxg8 24. Bxh7+ Kxh7 25. Bxf8 Rxf8 26. Kf2 Rf4 27. Ne2 Rh4 28. Kg3 Rh6 29. Re1 Re6 30. h3 Nf6 31. Kf2 Nh5 32. Ng1 1-0

[Event "26th Klatovy B 2018"]
[Site "Klatovy CZE"]
[Date "2018.07.06"]
[Round "7.43"]
[White "Svejdar, Petr"]
[Black "Kudrna, Miroslav"]
[Result "1-0"]
[WhiteElo "1163"]
[BlackElo "1539"]
[PlyCount "65"]
[EventDate "2018.06.30"]
[EventType "swiss"]
[EventRounds "9"]
[EventCountry "CZE"]

1. e4 e6 2. d4 d5 3. exd5 exd5 4. c4 dxc4 5. Bxc4 Bb4+ 6. Nc3 Nf6 7. h3 Nd5 8. Nge2 O-O 9. O-O Be6 10. Qb3 c6 11. Bxd5 Bxc3 12. Bxe6 Bxd4 13. Nxd4 Qxd4 14. Bg4 Qb6 15. Qxb6 axb6 16. Bf4 Ra4 17. Bxb8 Rxb8 18. a3 Rd4 19. Rad1 Rbd8 20. Rxd4 Rxd4 21. Re1 Kf8 22. Rd1 Rxd1+ 23. Bxd1 Ke7 24. Bg4 Kd6 25. Kf1 b5 26. Ke2 c5 27. Kd3 b6 28. b4 g5 29. Bh5 f5 30. Be8 cxb4 31. axb4 Kd5 32. Bxb5 h5 33. Bd7 1-0

[Event "26th Klatovy B 2018"]
[Site "Klatovy CZE"]
[Date "2018.07.06"]
[Round "7.44"]
[White "Studenovsky, Jaroslav 1974"]
[Black "Novy, Jan"]
[Result "1-0"]
[WhiteElo "1000"]
[BlackElo "1516"]
[PlyCount "167"]
[EventDate "2018.06.30"]
[EventType "swiss"]
[EventRounds "9"]
[EventCountry "CZE"]

1. e4 d5 2. exd5 Nf6 3. Bb5+ c6 4. dxc6 Nxc6 5. Nf3 Bf5 6. O-O e6 7. d3 Bd6 8. h3 O-O 9. Bg5 h6 10. Be3 Nd5 11. Bd2 Rc8 12. a3 a6 13. Bxc6 bxc6 14. Nc3 e5 15. Ne4 Bb8 16. c4 Nc7 17. Bc3 f6 18. Qc2 Ne6 19. Rfd1 c5 20. b4 Ba7 21. Rab1 Nd4 22. Bxd4 exd4 23. Ng3 Bg6 24. Re1 Qd6 25. Nh4 Bh7 26. Nhf5 Bxf5 27. Nxf5 Qd7 28. Ne7+ Kh7 29. Nxc8 Rxc8 30. Re4 Qc7 31. Qe2 Bb8 32. g3 Qd7 33. Kh2 Qf5 34. Re6 Be5 35. Qe4 Qxe4 36. dxe4 cxb4 37. f4 Bb8 38. Rxb4 Rd8 39. Rxa6 d3 40. Rb1 Bd6 41. Rd1 Bc5 42. Ra5 Be3 43. Rd5 Rb8 44. R5xd3 Rb2+ 45. Kh1 Bc5 46. Ra1 Rc2 47. Rdd1 Bf2 48. Rd3 Rxc4 49. Kg2 Rc2 50. Kf1 h5 51. Rf3 Bc5 52. a4 Rh2 53. Rd1 Rh1+ 54. Ke2 Rxh3 55. a5 Ba7 56. Rdd3 Rh2+ 57. Ke1 Rh1+ 58. Rf1 Rh2 59. Ra3 Rb2 60. Rff3 Rb4 61. a6 Rxe4+ 62. Kd2 Re7 63. Rfb3 Rd7+ 64. Kc2 Rc7+ 65. Kb1 Rc8 66. Rb7 Bf2 67. a7 Ra8 68. Kc2 Kh6 69. Kd1 g5 70. f5 Bd4 71. Ra6 g4 72. Kc2 Kg5 73. Kd3 Bg1 74. Ke4 h4 75. Rg7+ Kh6 76. Rg6+ Kh7 77. Rgxf6 h3 78. Rh6+ Kg7 79. Rag6+ Kf7 80. Rh7+ Kf8 81. Rh8+ Kf7 82. Rxa8 h2 83. Rh8 Bxa7 84. Rh7+ 1-0

[Event "26th Klatovy B 2018"]
[Site "Klatovy CZE"]
[Date "2018.07.06"]
[Round "7.45"]
[White "Roskovec, Bedrich"]
[Black "Stastny, Simon"]
[Result "0-1"]
[WhiteElo "1641"]
[BlackElo "1092"]
[PlyCount "98"]
[EventDate "2018.06.30"]
[EventType "swiss"]
[EventRounds "9"]
[EventCountry "CZE"]

1. e4 e5 2. Nf3 Nc6 3. Bb5 a6 4. Ba4 Nf6 5. d3 b5 6. Bb3 h6 7. a3 Bc5 8. c3 d6 9. h3 Be6 10. O-O O-O 11. Nbd2 Re8 12. Ba2 a5 13. Nb3 Bb6 14. Re1 a4 15. Nbd2 Bxa2 16. Rxa2 d5 17. b4 axb3 18. Qxb3 dxe4 19. dxe4 Na7 20. Nf1 c6 21. Ng3 Ba5 22. Rd2 Qc7 23. Rde2 Nc8 24. Nf5 Nb6 25. g4 Na4 26. Bd2 Rad8 27. Rc1 Rd3 28. Ne1 Rd7 29. Nc2 Nc5 30. Qb1 Nfxe4 31. Ncd4 Nxd2 32. Nxh6+ gxh6 33. Qf5 Kg7 34. Qh5 exd4 35. Rxe8 Nf3+ 36. Kf1 Rd5 37. g5 Nd2+ 38. Ke2 Re5+ 39. Rxe5 Qxe5+ 40. Kxd2 Bxc3+ 41. Rxc3 dxc3+ 42. Kc2 Qxg5 43. Qe2 Qd2+ 44. Qxd2 cxd2 45. Kxd2 Kf6 46. Ke3 Ke5 47. f4+ Kd5 48. Kf3 f5 49. Kg3 Ne6 0-1

[Event "26th Klatovy B 2018"]
[Site "Klatovy CZE"]
[Date "2018.07.06"]
[Round "7.46"]
[White "Stanke, Vilem"]
[Black "Leseticky, Vladimir"]
[Result "0-1"]
[WhiteElo "1366"]
[BlackElo "1730"]
[PlyCount "66"]
[EventDate "2018.06.30"]
[EventType "swiss"]
[EventRounds "9"]
[EventCountry "CZE"]

1. e4 e5 2. Nf3 Nc6 3. d4 exd4 4. Nxd4 Nxd4 5. Qxd4 Nf6 6. Bc4 d5 7. exd5 Be7 8. Nc3 O-O 9. Be3 Ng4 10. O-O-O b6 11. Kb1 Bf6 12. Qd3 Ne5 13. Qe2 Re8 14. Bd3 Bg4 15. f3 Bh5 16. Be4 Bg6 17. f4 Nd7 18. f5 Bxc3 19. fxg6 hxg6 20. Qc4 Bf6 21. d6 Ne5 22. Qxc7 Qxc7 23. dxc7 Rac8 24. Bd4 Rxc7 25. h3 Rce7 26. Rhf1 Nc4 27. Bxf6 gxf6 28. Bxg6 Ne3 29. Rxf6 Nxd1 30. Bd3 Re1 31. b3 Nf2+ 32. Kb2 Nxd3+ 33. cxd3 R1e2+ 0-1

[Event "26th Klatovy B 2018"]
[Site "Klatovy CZE"]
[Date "2018.07.06"]
[Round "7.47"]
[White "Barta, David"]
[Black "Vavrinkova, Jitka"]
[Result "0-1"]
[WhiteElo "1176"]
[BlackElo "1637"]
[PlyCount "63"]
[EventDate "2018.06.30"]
[EventType "swiss"]
[EventRounds "9"]
[EventCountry "CZE"]

1. e4 e5 2. Nf3 d6 3. Bc4 Bg4 4. h3 Bh5 5. d3 Nf6 6. Nc3 Be7 7. Be3 O-O 8. Qd2 Nbd7 9. O-O-O c6 10. Rdg1 d5 11. exd5 cxd5 12. Nxd5 Nxd5 13. Bxd5 Qc7 14. Bb3 Qc6 15. h4 Bxf3 16. gxf3 Qxf3 17. Bh6 Bf6 18. Rh2 Kh8 19. Bg5 Nc5 20. Bc4 Rac8 21. Rhg2 g6 22. h5 e4 23. Bd5 Nxd3+ 24. Kb1 Bxg5 25. Qxg5 Nb4 26. Qe5+ f6 27. Qxe4 Qxh5 28. Bxb7 Nxc2 29. Bxc8 Rxc8 30. Rc1 a5 31. f4 Kg7 32. Qb7+ 0-1

[Event "26th Klatovy B 2018"]
[Site "Klatovy CZE"]
[Date "2018.07.06"]
[Round "7.48"]
[White "Stvan, Marek"]
[Black "Lang, Simon"]
[Result "1/2-1/2"]
[WhiteElo "1637"]
[BlackElo "1381"]
[PlyCount "35"]
[EventDate "2018.06.30"]
[EventType "swiss"]
[EventRounds "9"]
[EventCountry "CZE"]

1. e4 e6 2. d4 d5 3. e5 c5 4. c3 Nc6 5. Nf3 Bd7 6. Bd3 Qb6 7. Bc2 cxd4 8. cxd4 Bb4+ 9. Nc3 f6 10. O-O Bxc3 11. bxc3 fxe5 12. dxe5 Nge7 13. Be3 Qc7 14. Bd4 O-O 15. Qd3 Ng6 16. Rfe1 Rac8 17. Bb3 Rf5 18. g4 1/2-1/2

[Event "26th Klatovy B 2018"]
[Site "Klatovy CZE"]
[Date "2018.07.06"]
[Round "7.49"]
[White "Svec, Ludek"]
[Black "Stanke, Petr"]
[Result "1/2-1/2"]
[WhiteElo "1618"]
[BlackElo "1378"]
[PlyCount "76"]
[EventDate "2018.06.30"]
[EventType "swiss"]
[EventRounds "9"]
[EventCountry "CZE"]

1. d4 e6 2. c4 d5 3. g3 c6 4. Bg2 Nf6 5. Nf3 Nbd7 6. Qc2 Be7 7. O-O c5 8. cxd5 Nxd5 9. a3 cxd4 10. Nxd4 N7f6 11. e4 Nb4 12. Qd1 Na6 13. Nc3 e5 14. Nc2 Qxd1 15. Rxd1 O-O 16. Ne3 Nc5 17. Nc4 Nfd7 18. Be3 Nb3 19. Nb5 Nxa1 20. Rxa1 b6 21. Rd1 f6 22. Bh3 Nc5 23. Bxc5 Bxc5 24. Bxc8 Raxc8 25. b3 Rcd8 26. Rd5 Rxd5 27. exd5 Rd8 28. b4 a6 29. bxc5 Rxd5 30. Nxb6 Rxc5 31. Nd6 Rc6 32. Ndc4 Kf8 33. f3 Ke8 34. Kf2 Kd8 35. Ke2 a5 36. Kd3 Kc7 37. Nd5+ Kd7 38. Ndb6+ Ke6 1/2-1/2

[Event "26th Klatovy B 2018"]
[Site "Klatovy CZE"]
[Date "2018.07.06"]
[Round "7.50"]
[White "Pucholt, Martin"]
[Black "Skopkova, Marcela"]
[Result "1-0"]
[WhiteElo "1570"]
[BlackElo "1245"]
[PlyCount "97"]
[EventDate "2018.06.30"]
[EventType "swiss"]
[EventRounds "9"]
[EventCountry "CZE"]

1. e4 d5 2. exd5 Qxd5 3. Nc3 Qd8 4. g3 e6 5. Bg2 Nf6 6. Nf3 Bb4 7. O-O Bd7 8. Ne5 c6 9. Re1 O-O 10. a3 Bxc3 11. bxc3 Bc8 12. Rb1 Nbd7 13. d4 Qa5 14. Rb3 Qc7 15. Bf4 Qd8 16. c4 a6 17. h4 Nxe5 18. Bxe5 Qe7 19. c3 Nd7 20. Bf4 Ra7 21. c5 Nf6 22. Bd6 Qd8 23. Bxf8 Kxf8 24. c4 g6 25. Rd3 h5 26. Qd2 Kg7 27. d5 cxd5 28. cxd5 exd5 29. Bxd5 Bf5 30. Rd4 Qc7 31. Rc1 b5 32. c6 Qe7 33. Bg2 Rc7 34. Qb2 Kh7 35. a4 Ng4 36. Qd2 bxa4 37. Rxa4 Bc8 38. Ra5 Qe6 39. Qd3 Re7 40. Rxh5+ Kg7 41. Rhc5 Qa2 42. Qd4+ f6 43. R5c2 Qe6 44. Bh3 Ne5 45. Bxe6 Nf3+ 46. Kg2 Nxd4 47. Bxc8 Nxc2 48. Rxc2 Rc7 49. Bxa6 1-0

[Event "26th Klatovy B 2018"]
[Site "Klatovy CZE"]
[Date "2018.07.06"]
[Round "7.51"]
[White "Malik, Zdenek"]
[Black "Safarcik, Miroslav"]
[Result "1-0"]
[WhiteElo "1607"]
[BlackElo "1505"]
[PlyCount "64"]
[EventDate "2018.06.30"]
[EventType "swiss"]
[EventRounds "9"]
[EventCountry "CZE"]

1. e4 g6 2. d4 Bg7 3. Nf3 Nf6 4. e5 Nd5 5. c4 Nb6 6. Bg5 O-O 7. Nc3 c6 8. a4 a5 9. g3 Na6 10. Bg2 Qe8 11. O-O Nxc4 12. Qb3 b5 13. axb5 cxb5 14. Qxb5 d5 15. exd6 Nxd6 16. Qe2 Bb7 17. Bxe7 Nf5 18. Bxf8 Qxf8 19. Rxa5 Nxd4 20. Nxd4 Bxg2 21. Kxg2 Bxd4 22. Rxa6 Bxc3 23. bxc3 Re8 24. Qf3 Qe7 25. Ra8 h5 26. Rfa1 Kg7 27. Rxe8 Qxe8 28. Ra7 Qe6 29. h4 Qc4 30. Rxf7+ Qxf7 31. Qxf7+ Kxf7 32. Kf3 Kf6 1-0

[Event "26th Klatovy B 2018"]
[Site "Klatovy CZE"]
[Date "2018.07.06"]
[Round "7.52"]
[White "Vesely, Jan"]
[Black "Kovar, Michal"]
[Result "0-1"]
[WhiteElo "1112"]
[BlackElo "1492"]
[PlyCount "140"]
[EventDate "2018.06.30"]
[EventType "swiss"]
[EventRounds "9"]
[EventCountry "CZE"]

1. e4 c5 2. Nc3 d6 3. Bc4 e6 4. Nf3 Be7 5. d4 cxd4 6. Qxd4 Bf6 7. Bb5+ Nc6 8. Qc4 Nge7 9. Bf4 e5 10. Bg5 Be6 11. Bxc6+ bxc6 12. Qd3 d5 13. Bxf6 gxf6 14. exd5 cxd5 15. Qd1 Qb6 16. Rb1 Qb4 17. a3 Qg4 18. g3 d4 19. Nb5 Rc8 20. Nd6+ Kf8 21. Nxc8 Bxc8 22. Nd2 Qh3 23. c3 Bf5 24. Rc1 Bg4 25. Qb3 Qg2 26. Rf1 e4 27. cxd4 Nf5 28. Qb4+ Kg7 29. Qb5 e3 30. fxe3 Nxe3 31. Rf2 Qg1+ 32. Nf1 Ng2+ 33. Rxg2 Qxg2 34. Qd3 Re8+ 35. Ne3 Qg1+ 36. Kd2 Qf2+ 37. Kc3 Rxe3 38. Qxe3 Qxe3+ 39. Kc2 Bf5+ 40. Kd1 Qxd4+ 41. Ke1 Qg1+ 42. Kd2 Qd4+ 43. Ke1 Qxb2 44. Rd1 Qc3+ 45. Rd2 Qe3+ 46. Kd1 Bg4+ 47. Kc1 Qxa3+ 48. Rb2 Qxb2+ 49. Kxb2 Kg6 50. Kc3 Kf5 51. Kd3 a5 52. Kd4 a4 53. Kc3 Ke4 54. Kb2 Kf3 55. Ka3 Bd7 56. Ka2 Kg2 57. h4 Kxg3 58. h5 f5 59. Ka3 f4 60. Kb4 f3 61. Kc5 f2 62. Kd6 Be6 63. Ke7 f1=Q 64. Kf8 Qf4 65. h6 Qxh6+ 66. Ke7 a3 67. Ke8 a2 68. Ke7 Qg5+ 69. Ke8 a1=R 70. Kf8 Ra8# 0-1